| 000 | 00635nam a2200205Ia 4500 | ||
|---|---|---|---|
| 003 | GCL | ||
| 008 | 140319s9999 xx 000 0 ara d | ||
| 040 |
_aGCL / _cGCL |
||
| 082 | 0 | 4 |
_a822.008 _bا م |
| 100 | 1 | _aيحيى حقى | |
| 245 | 1 | 0 |
_aالسامر / _cيحيى حقى |
| 700 | 1 | _aاوسبورن, جون | |
| 700 | 1 | _aمحمد توفيق مصطفى (مترجم) | |
| 300 | _a212 ص | ||
| 490 |
_aروائع المسرح العالمى _v0 |
||
| 650 | 0 | 4 | _aالادب الانجليزى |
| 650 | 0 | 4 | _aالمسرح الانجليزى |
| 650 | 0 | 4 | _aالمسرحيات الانجليزية المترجمة |
| 942 |
_2ddc _cBK |
||
| 999 |
_c38403 _d38403 |
||